| 000 | 00396nam a22001337a 4500 | ||
|---|---|---|---|
| 082 | _a200 THE | ||
| 100 |
_aSidra Shafi _969382 |
||
| 245 | _aTH-SOF-1585-WEB SERVICES CLASSIFICATION USING AN IMPROVED TEXT MINING TECHNIQUE | ||
| 260 |
_aISLAMABAD _bNUST COLLEGE OF EME _c2018 |
||
| 300 | _bCD | ||
| 650 |
_aMS-CSE-14 MSTHESIS _969383 |
||
| 700 |
_aAdvisor Dr. Ali Hassan _969384 |
||
| 942 | _cCF | ||
| 999 |
_c576694 _d576694 |
||